Normal view
MARC view
Entry Topical Term
001 - CONTROL NUMBER
- control field: 1100
003 - CONTROL NUMBER IDENTIFIER
- control field: BD-DhUIB
005 - DATE AND TIME OF LATEST TRANSACTION
- control field: 20251130183840.0
008 - FIXED-LENGTH DATA ELEMENTS
- fixed length control field: 251130|| aca||aabn | a|a d
040 ## - CATALOGING SOURCE
- Original cataloging agency: BD-DhUIB
- Transcribing agency: BD-DhUIB
150 ## - HEADING--TOPICAL TERM
- Topical term or geographic name entry element: Scott B. Smart
670 ## - SOURCE DATA FOUND
- Source citation: Work cat.: (BD-DhUIB)681: Zutter, Chad J. 1099, Principles of managerial finance/, c2022.
